000 00298nam a2200133Ia 4500
008 191201s2011 xx 000 0 und d
100 _aNASH, W.A
245 0 _aStrength of Materials
250 _aRep
260 _aN. Delhi
_bTMH
_c2011
300 _aMISC
650 _aB.Tech(CE)
942 _2ddc
_cBK
999 _c5300
_d5300